| 000 | 01512nam a2200385 i 4500 | ||
|---|---|---|---|
| 001 | 197619 | ||
| 003 | ES-MaACL | ||
| 005 | 20250817062604.0 | ||
| 007 | ta | ||
| 008 | 880118s1986 sp spa | ||
| 015 | _a1988-MAY-7074 | ||
| 016 | 7 |
_abimoBNE19910093057 _zSAB9000010839 _2SpMaBN |
|
| 017 |
_aM 34715-1986 _bOficina Depósito Legal Madrid |
||
| 020 | _a8470753509 | ||
| 035 | _a(OCoLC)434807609 | ||
| 035 | _a(SpMaBN)bimo0000009206 | ||
| 035 | _a991006747399708606 | ||
| 040 |
_aSpMaBN _bspa _cSpMaBN _erdc |
||
| 080 | _a75.036(064.3) | ||
| 245 | 0 | 0 |
_aDe Marées a Picasso : _bobras maestras del Museo de Wuppertal : 17 de noviembre 1986-25 enero 1987 : [exposición _corganizada por] Fundación Juan March |
| 260 |
_aMadrid _bFundación Juan March _c1986 |
||
| 300 |
_a136 páginas _bilustraciones a color y blanco y negro _c29 cm |
||
| 336 |
_2rdacontent _atexto |
||
| 337 |
_2rdamedia _asin mediación |
||
| 338 |
_2rdacarrier _avolumen |
||
| 650 | 4 |
_aPintura- _yS.XX- _vExposiciones _2embne _916011 |
|
| 655 | 7 |
_2tgfbne _9193628 _aCatálogos de exposiciones |
|
| 710 | 2 |
_aFundación Juan March _94346 |
|
| 852 |
_aES-MaACL _cDEPO1 _jA-15707 _hDonación: Fernando Codina Rodríguez _xEncuadernación rústica _9206065 |
||
| 903 |
_aCodina Rodríguez, Fernando _ednr _9238631 |
||
| 942 |
_n0 _cMONOGRAFIA |
||
| 999 |
_c197619 _d197619 |
||